|
|
|
|
| LEADER |
00877nam a2200217 a 4500 |
| 001 |
GR-MES15136 |
| 008 |
090415s2004 gr 000 0 eng d |
| 020 |
|
|
|a 0123234484
|
| 040 |
|
|
|a GrPaTEI
|b gre
|c GR-PaULI
|
| 040 |
|
|
|a GrPaTEI
|b gre
|c GR-PaULI
|
| 082 |
|
0 |
|a 577.88
|2 21
|
| 245 |
0 |
0 |
|a Ecology, genetics, and evolution of metapopulation ; Edited by: Iikka Hanski, Oscar E. Gaggiotti.
|
| 260 |
|
|
|a Amserdam :
|b Elsevier,
|c c2004
|
| 650 |
|
0 |
|a Evolutionary genetics
|
| 650 |
|
4 |
|a Γενετική φυσιολογία
|
| 700 |
1 |
|
|a Gaggiotti, Oscar E.
|
| 700 |
1 |
|
|a Hanski, Iikka
|
| 942 |
|
|
|2 ddc
|
| 952 |
|
|
|0 0
|1 0
|2 ddc
|4 0
|6 577_880000000000000_ECO
|7 0
|9 272956
|a MSLG
|b MSLG
|c BSC
|d 2021-01-17
|e 24
|f 0
|g 0.00
|l 0
|o 577.88 ECO
|p 2420000023821
|r 2021-01-17 00:00:00
|t 1
|w 2021-01-17
|y BK15
|x 20090415 0 ΤΣΑΝΤΑΡΛΙΩΤΗ 1
|x GrPaTEI
|
| 971 |
|
|
|a .b2581185x
|b 15-04-20
|c 13-09-16
|
| 999 |
|
|
|c 157986
|d 157986
|